000 00192nam a2200073Ia 4500
008 170524s9999 xx 000 0 und d
100 _aVARSHNEY- R L
245 0 _aMARKETING MANAGEMENT : TEXT AND CASES
260 _bS CHAND PUB.
999 _c8299
_d8299